Suggested Recommendations for Bystanders after Lutetium Therapy
Enregistré dans:
| Auteur principal: | |
|---|---|
| Autres auteurs: | , , , , , , |
| Format: | Chapitre de livre |
| Langue: | anglais |
| Sujets: | |
| Tags: |
Pas de tags, Soyez le premier à ajouter un tag!
|
MARC
| LEADER | 00000naa a2200000 4500 | ||
|---|---|---|---|
| 001 | 0306438 | ||
| 005 | 20250123110607.3 | ||
| 041 | 0 | |a eng | |
| 044 | |a DE | ||
| 245 | 1 | 0 | |a Suggested Recommendations for Bystanders after Lutetium Therapy |c Jana Hudzietzová, Marko Fülöp, Andrej Vondrák, Peter Nemček, Igor Gomola, Jozef Sabol, Marián Mráz, Ľubica Foltínová |
| 500 | |a Abstrakt | ||
| 610 | 2 | 0 | |a pacienti |
| 610 | 2 | 0 | |a rodina |
| 610 | 2 | 0 | |a zdravotníci |
| 610 | 2 | 0 | |a zdravotníctvo |
| 610 | 2 | 0 | |a personál |
| 100 | 1 | |a Hudzietzová, Jana | |
| 700 | 1 | |a Fülöp, Marko | |
| 700 | 1 | |a Vondrák, Andrej | |
| 700 | 1 | |a Nemček, Peter | |
| 700 | 1 | |a Gomola, Igor | |
| 700 | 1 | |a Sabol, Jozef | |
| 700 | 1 | |a Mráz, Marián | |
| 700 | 1 | |a Foltínová, Ľubica, 1975- | |